<?xml version="1.0" encoding="UTF-8"?>
<record
    xmlns:xsi="http://www.w3.org/2001/XMLSchema-instance"
    xsi:schemaLocation="http://www.loc.gov/MARC21/slim http://www.loc.gov/standards/marcxml/schema/MARC21slim.xsd"
    xmlns="http://www.loc.gov/MARC21/slim">

  <leader>01196nam a22002537a 4500</leader>
  <controlfield tag="008">100707t        ua|||||r|||| 001 0 ara d</controlfield>
  <datafield tag="082" ind1=" " ind2=" ">
    <subfield code="2">22</subfield>
    <subfield code="a">220.9</subfield>
    <subfield code="b">&#x646; &#x648; &#x644;</subfield>
  </datafield>
  <datafield tag="100" ind1=" " ind2=" ">
    <subfield code="9">16013</subfield>
    <subfield code="a">&#x646;&#x648;&#x644;&#x62F;&#x643;&#x647;&#x60C; &#x62A;&#x64A;&#x648;&#x62F;&#x648;&#x631;</subfield>
  </datafield>
  <datafield tag="245" ind1=" " ind2=" ">
    <subfield code="a">/&#x62A;&#x627;&#x631;&#x64A;&#x62E; &#x627;&#x644;&#x642;&#x631;&#x627;&#x646;</subfield>
    <subfield code="c">&#x62A;&#x623;&#x644;&#x64A;&#x641; &#x62A;&#x64A;&#x648;&#x62F;&#x648;&#x631; &#x646;&#x648;&#x644;&#x62F;&#x643;&#x647;  &#x61B; &#x62A;&#x639;&#x62F;&#x64A;&#x644; &#x641;&#x631;&#x64A;&#x62F;&#x64A;&#x631;&#x64A;&#x634; &#x634;&#x641;&#x627;&#x644;&#x64A; </subfield>
  </datafield>
  <datafield tag="260" ind1=" " ind2=" ">
    <subfield code="a">&#x628;&#x64A;&#x631;&#x648;&#x62A;</subfield>
    <subfield code="b">2000&#x60C; &#x645;&#x624;&#x633;&#x633;&#x629; &#x643;&#x648;&#x646;&#x631;&#x627;&#x62F;- &#x627;&#x62F;&#x646;&#x627;&#x648;&#x631;</subfield>
    <subfield code="c">2000</subfield>
  </datafield>
  <datafield tag="300" ind1=" " ind2=" ">
    <subfield code="a">840 &#x635; ;</subfield>
    <subfield code="c">22 &#x633;&#x645;</subfield>
  </datafield>
  <datafield tag="500" ind1=" " ind2=" ">
    <subfield code="a">&#x64A;&#x634;&#x62A;&#x645;&#x644; &#x639;&#x644;&#x649; &#x643;&#x634;&#x627;&#x641;&#x627;&#x62A;</subfield>
  </datafield>
  <datafield tag="541" ind1=" " ind2=" ">
    <subfield code="a">&#x623;&#x644;&#x641; &#x628;&#x627;&#x621; &#x61B;</subfield>
    <subfield code="c">&#x634;&#x631;&#x627;&#x621; &#x61B;</subfield>
  </datafield>
  <datafield tag="650" ind1=" " ind2=" ">
    <subfield code="9">16017</subfield>
    <subfield code="a">&#x627;&#x644;&#x642;&#x631;&#x622;&#x646;</subfield>
    <subfield code="x">&#x62A;&#x627;&#x631;&#x64A;&#x62E;</subfield>
  </datafield>
  <datafield tag="650" ind1=" " ind2=" ">
    <subfield code="9">16157</subfield>
    <subfield code="a">&#x627;&#x644;&#x642;&#x631;&#x622;&#x646;&#x60C; &#x62A;&#x631;&#x62C;&#x645;&#x629;</subfield>
  </datafield>
  <datafield tag="650" ind1=" " ind2=" ">
    <subfield code="9">16158</subfield>
    <subfield code="a">&#x627;&#x644;&#x642;&#x631;&#x622;&#x646;&#x60C; &#x62C;&#x645;&#x639; &#x648;&#x62A;&#x62F;&#x648;&#x64A;&#x646;</subfield>
  </datafield>
  <datafield tag="650" ind1=" " ind2=" ">
    <subfield code="9">16159</subfield>
    <subfield code="a">&#x627;&#x644;&#x642;&#x631;&#x622;&#x646;&#x60C; &#x633;&#x648;&#x631; &#x648;&#x622;&#x64A;&#x627;&#x62A;</subfield>
  </datafield>
  <datafield tag="650" ind1=" " ind2=" ">
    <subfield code="9">16160</subfield>
    <subfield code="a">&#x627;&#x644;&#x645;&#x635;&#x627;&#x62D;&#x641;&#x60C; &#x631;&#x633;&#x645;</subfield>
  </datafield>
  <datafield tag="650" ind1=" " ind2=" ">
    <subfield code="9">16161</subfield>
    <subfield code="a">&#x627;&#x644;&#x645;&#x635;&#x627;&#x62D;&#x641; (&#x627;&#x644;&#x646;&#x635;&#x648;&#x635;)</subfield>
  </datafield>
  <datafield tag="700" ind1=" " ind2=" ">
    <subfield code="9">16018</subfield>
    <subfield code="a">&#x634;&#x641;&#x627;&#x644;&#x64A;&#x60C; &#x641;&#x631;&#x64A;&#x62F;&#x631;&#x64A;&#x634;</subfield>
    <subfield code="e">&#x62A;&#x639;&#x62F;&#x64A;&#x644;</subfield>
  </datafield>
  <datafield tag="700" ind1=" " ind2=" ">
    <subfield code="9">16020</subfield>
    <subfield code="a">&#x62A;&#x627;&#x645;&#x631;&#x60C; &#x62C;&#x648;&#x631;&#x62C;</subfield>
    <subfield code="e">&#x646;&#x642;&#x644;&#x647; &#x627;&#x644;&#x649; &#x627;&#x644;&#x639;&#x631;&#x628;&#x64A;&#x629;</subfield>
  </datafield>
  <datafield tag="942" ind1=" " ind2=" ">
    <subfield code="2">ddc</subfield>
    <subfield code="c">BB</subfield>
  </datafield>
  <datafield tag="999" ind1=" " ind2=" ">
    <subfield code="c">14423</subfield>
    <subfield code="d">14423</subfield>
  </datafield>
  <datafield tag="952" ind1=" " ind2=" ">
    <subfield code="0">0</subfield>
    <subfield code="1">0</subfield>
    <subfield code="2">ddc</subfield>
    <subfield code="4">0</subfield>
    <subfield code="7">0</subfield>
    <subfield code="8">Alef-Baa</subfield>
    <subfield code="a">MAIN</subfield>
    <subfield code="b">MAIN</subfield>
    <subfield code="c">LOW</subfield>
    <subfield code="d">2010-07-07</subfield>
    <subfield code="e">purchase</subfield>
    <subfield code="o">220.9 &#x646;&#x648;&#x644;</subfield>
    <subfield code="p">000025025</subfield>
    <subfield code="r">2025-07-15 00:00:00</subfield>
    <subfield code="s">2017-02-28</subfield>
    <subfield code="y">BB</subfield>
  </datafield>
</record>
